Operating larger trucks on roads with restrictive geometry : Summary report/ (Record no. 543359)
[ view plain ]
| 000 -LEADER | |
|---|---|
| fixed length control field | 00444nam a22001337a 4500 |
| 082 ## - DEWEY DECIMAL CLASSIFICATION NUMBER | |
| Classification number | 388.324 |
| Author Mark | OPE |
| -- | D |
| 100 ## - MAIN ENTRY--PERSONAL NAME | |
| Personal name | US department of transportation, |
| 9 (RLIN) | 13255 |
| 245 ## - TITLE STATEMENT | |
| Title | Operating larger trucks on roads with restrictive geometry : Summary report/ |
| 260 ## - PUBLICATION, DISTRIBUTION, ETC. | |
| Place of publication, distribution, etc. | Virgina: |
| Name of publisher, distributor, etc. | US department of transportation; |
| Date of publication, distribution, etc. | c1989 |
| 300 ## - PHYSICAL DESCRIPTION | |
| Extent | iv, 14p, : |
| Other physical details | ill.; |
| Dimensions | 28 cm |
| 526 ## - STUDY PROGRAM INFORMATION NOTE | |
| Program name | 0 |
| Interest level | 0 |
| Reading level | 0 |
| Title point value | 388_324000000000000_OPE |
| 650 ## - SUBJECT ADDED ENTRY--TOPICAL TERM | |
| Topical term or geographic name entry element | MCE |
| 9 (RLIN) | 379 |
| 942 ## - ADDED ENTRY ELEMENTS (KOHA) | |
| Source of classification or shelving scheme | |
| Koha item type | Book |
| Withdrawn status | Lost status | Source of classification or shelving scheme | Damaged status | Not for loan | Permanent Location | Current Location | Date acquired | Total Checkouts | Full call number | Barcode | Date last seen | Price effective from | Koha item type |
|---|---|---|---|---|---|---|---|---|---|---|---|---|---|
| Military College of Engineering (MCE) | Military College of Engineering (MCE) | 03/21/2014 | 388.324 OPE | MCE-42593 | 03/21/2014 | 03/21/2014 | Book |
